Представление документа в формате MARC21

Поле Инд. ПП Название Значение
Тип записи a
Библиографический уровень b
001 Контрольный номер RU/IS/BASE/325009576
005 Дата корректировки 20250220142103.5
008 Кодируемые данные 20100419
040 b Код языка каталог. rus
e Правила каталог. PSBO
041 0_ a Код языка текста rus
084 a Индекс другой классификации/Индекс ББК 83.3(2=411.2)5; 83.3(70)5
100 1_ a Автор Мельникова Н. Н.
q Полное имя Мельникова Надежда Николаевна
245 10 a Заглавие Метаморфозы образа падшей женщины в русской и латиноамериканской литературах
504 a Библиография Библиогр.: с. 123 - 124
520 0_ a Аннотация Данная статья посвящена сопоставлению образа падшей женщины в русской и латиноамериканской литературах. Автором предпринята попытка выявить контактно-генетические и типологические схождения, общую платформу для сближения и национальную специфику образа. В качестве основного тезиса выдвигается идея о существовании в указанных литературах мифа о блуднице
650 04 a Основная рубрика история литературы
a Основная рубрика литературоведение
a Основная рубрика филологические науки
653 0_ a Ключевые слова XIX век
a Ключевые слова Латинская Америка
a Ключевые слова литературные образы
a Ключевые слова миф о блуднице
a Ключевые слова образ падшей женщины
a Ключевые слова Россия
a Ключевые слова сравнительное литературоведение
773 08 t Заглавие источника Вестник Московского университета. Серия 9, Филология
d Дата издания источника 2009
g Прочая информация № 4. - С. 113 - 124
w Контрольный № источника RU/IS/BASE/321796379
901 t Тип документа b